00647 2200217 4500001002100000005001700021008004100038020001800079035002500097090002600122100002700148245005100175250001100226260003400237300003500271650005000306700002700356850001200383990001700395990001700412YOGYA-0211000000363120150223193346.0 ind  a979-97903-7-9 a0010-021100000003631 aR 92 (Nasution) Nas M aNASUTION, Adnan Buyung aMenabur benih reformasicAdnan Buyung Nasution aCet. 1 aJakartabAksara Karuniac2004 axviii, 431 hlm.; ilus., 21 cm. aNasution, Adnan Buyung (1934- ) - Otobiografi aRamadhan KH;Pane, Nina aYOPDYOG a2629-PD/P.04 a2630-PD/P.04